000 01281nam a2200241 a 4500
001 000748283
003 AM-YeHGA
005 20250617143528.0
008 100702s1985 ||| r 000 0 rus d
040 _aAM-YeHGA
041 0 _arus
245 0 0 _aПроектирование спускаемых автоматических космических аппаратов :
_bОпыт разработки диалоговых процедур /
_cА.Т. Базилевский и др.; Под ред. В.М. Ковтуненко.
260 _aМосква :
_bМашиностроение,
_c1985.
300 _a264 с.
500 _aАвт. указаны на обороте тит. л.
504 _aБиблиогр.: с. 261-263
653 0 _aКосмические летательные аппараты - Вход в атмосферу планет
650 _aКосмические летательные аппараты - Посадка мягкая
700 1 _aКосмические летательные аппараты - Проектирование - Математические методы
700 1 _aКовтуненко, В.М.
_eред.
_4edt
700 1 _aБазилевский, Вячеслав Михайлович
090 _c278132
999 _c276482
_d276482